00588nas a2200193 a 4500001001000000003000400010005001700014008004100031040001300072043000900085245006900094260006800163300001700231310002600248362000900274650006000283651003400343999001700377000037009DLC20200930080100.0120208c19309999dr ur1pdd 0 0spa d aDO-SdBNP anwdr00aExcursión botanica al nord-oeste de la República Dominicana. aSanto Domingo :bImprenta J. R. Vda. García Sucesores,c1930. av. ;c23 cm. aNúm. 17, Enero 19301 a1930 0aFlora y fauna dominicanazRepública Dominicana963414 0aRepública Dominicana910483 c36499d36499